Music Quiz

Random Music Quiz

I.O.I IOI Quiz Stats

Quiz not verified by Sporcle

Challenge
Share
Tweet
Embed
Score 0/17 Timer 11:00
0 Plays Today
Question Answer Wrong Answers
What is Pinky's real name? Zhou Jieqiong
96.9%
Kim Doyeon
0%
Kang Mina
0.5%
Choi Yoojung
0.5%
Who is the youngest member? Somi
96.7%
Sohye
0.7%
Mina
1.2%
Yoojung
0.2%
Who are members of GUGUDAN? Sejeong and Mina
95.7%
Doyeon and Yoojung
0.5%
Pinky and Nayoung
1.9%
Somi and Chungha
0.2%
Who is the leader? Nayoung
95.5%
Sejeong
1.2%
Chungha
0.7%
Doyeon
1.2%
Who are members of PRISTIN? Nayoung and Kyulkyung
94.8%
Doyeon and Nayoung
2.4%
Sohye and Chungha
1%
Somi and Yoojung
0.2%
Who is the main dancer? Chungha
94.5%
Somi
0.7%
Yoojung
2.6%
Nayoung
1.2%
Who is a member of DIA? Chaeyeon
94.5%
Sejeong
1.2%
Chungha
0.5%
Doyeon
2.1%
Who is a member of Cosmic Girls? Yeonjung
92.2%
Chaeyeon
3.8%
Mina
1%
Nayoung
1.4%
What is Mina's surname? Kang
91.9%
Kim
4%
Choi
1.7%
Bang
0.7%
Which is Sejeong's solo song? Flower Way
88.8%
Knock Knock Knock
2.6%
Ping Pong
4.3%
Downpour
2.4%
What does I.O.I stand for? Ideal Of Idol
87.6%
I Own It
0.5%
Idol On Itself
1.7%
Nothing, looks like 101
9.3%
Who placed 11th at the end of Produce 101? Yeonjung
87.2%
Pinky
4%
Mina
4.3%
Sejeong
3.1%
Who does an orangutan imitation? Yoojung
86.9%
Chungha
1%
Yeonjung
4.8%
Somi
5.2%
What company is Sohye under? S&P Entertainment
82.7%
M&H Entertainment
7.6%
MBK Entertainment
5%
Starship Entertainment
3.3%
Doyeon is known as Little ____ ______ Jeon Jihyun
73.9%
Lee Boyoung
9%
Jung Ryeowon
7.6%
Yoon Eunhye
6.7%
Who placed fifth at the end of Produce 101? Sohye
71.7%
Chungha
10.9%
Nayoung
4.3%
Pinky
10.9%
Who was born on December 18, 1995? Nayoung
66.3%
Chungha
8.6%
Sejeong
11.4%
Doyeon
11.6%

You're not logged in!

Compare scores with friends on all Sporcle quizzes.
Join for Free
OR
Log In

You Might Also Like...

Show Comments

Extras

Created Feb 14, 2017ReportNominate

Top Quizzes Today


Score Distribution

Your Account Isn't Verified!

In order to create a playlist on Sporcle, you need to verify the email address you used during registration. Go to your Sporcle Settings to finish the process.

Report this User

Report this user for behavior that violates our Community Guidelines.

Details: